<?xml version="1.0" encoding="UTF-8"?><?xml-stylesheet type="text/xsl" href="static/style.xsl"?><OAI-PMH xmlns="http://www.openarchives.org/OAI/2.0/" xmlns:xsi="http://www.w3.org/2001/XMLSchema-instance" xsi:schemaLocation="http://www.openarchives.org/OAI/2.0/ http://www.openarchives.org/OAI/2.0/OAI-PMH.xsd"><responseDate>2026-04-17T17:08:29Z</responseDate><request verb="GetRecord" identifier="oai:www.recercat.cat:10230/25415" metadataPrefix="marc">https://recercat.cat/oai/request</request><GetRecord><record><header><identifier>oai:recercat.cat:10230/25415</identifier><datestamp>2025-12-13T20:50:52Z</datestamp><setSpec>com_2072_6</setSpec><setSpec>col_2072_452954</setSpec></header><metadata><record xmlns="http://www.loc.gov/MARC21/slim" xmlns:dcterms="http://purl.org/dc/terms/" xmlns:xsi="http://www.w3.org/2001/XMLSchema-instance" xmlns:doc="http://www.lyncode.com/xoai" xsi:schemaLocation="http://www.loc.gov/MARC21/slim http://www.loc.gov/standards/marcxml/schema/MARC21slim.xsd">
   <leader>00925njm 22002777a 4500</leader>
   <datafield ind2=" " ind1=" " tag="042">
      <subfield code="a">dc</subfield>
   </datafield>
   <datafield ind2=" " ind1=" " tag="720">
      <subfield code="a">Pulido Griñón, Sandra</subfield>
      <subfield code="e">author</subfield>
   </datafield>
   <datafield ind2=" " ind1=" " tag="260">
      <subfield code="c">2015-12-14T13:58:58Z</subfield>
   </datafield>
   <datafield ind2=" " ind1=" " tag="260">
      <subfield code="c">2015-12-14T13:58:58Z</subfield>
   </datafield>
   <datafield ind2=" " ind1=" " tag="260">
      <subfield code="c">2015-12-14</subfield>
   </datafield>
   <datafield ind2=" " ind1=" " tag="520">
      <subfield code="a">Treball de fi de grau en Sistemes Audiovisuals</subfield>
   </datafield>
   <datafield ind2=" " ind1=" " tag="520">
      <subfield code="a">Tutor: Federico Sukno</subfield>
   </datafield>
   <datafield ind2=" " ind1=" " tag="520">
      <subfield code="a">La fatiga al volante ocasiona una disminución de la atención y capacidad de reacción del conductor provocando que se incremente notablemente el riesgo a sufrir un accidente. Por este motivo, el desarrollo de sistemas que miden automáticamente la fatiga y en caso de peligro alertan al conductor, se encuentra en auge. La monitorización del comportamiento de los parpadeos es uno de los métodos de detección de fatiga más destacados por su precisión, por ser robusto entre individuos y por no interferir en la conducción. En este proyecto proponemos un método de detección automática de parpadeos basado en sistemas de visión por computador y validado en imágenes reales de conducción. Para esto, hemos empleado las herramientas proporcionadas por OpenCV, una de las librerías más populares actualmente en este ámbito</subfield>
   </datafield>
   <datafield ind2=" " ind1=" " tag="520">
      <subfield code="a">Drivers  f/natigue /nproduces/na /nreduction/nof  attention  and /ncapacity  of  reaction,  caus/ning  a  huge /nincrement  in  the  risk /nof/nsuffering /na  traffic  accident.  Because  of  this, /ndevelopment  of /nsystems/nthat  automatically  measure  fatigue  and,  in  case  of  risk,  send  a  warning  to  th/ne /ndriver, has recently received considerable attention/n. /nMonitoring blinking patterns is one of /nthe most important methods in fatigue /ndetection due to its precision and /nrobustness/namong /nusers,/ntogether with the fact that it does not interferes with the driving task./nIn this project, we propose an automatic blink detection method/n, based on computer vision /nsystems, /nthat is/nvalidated on videos acquired in a real driving scenario./nTo do this, we ha/nve /nused  the  tools /nprovided  by/nOpenCV,  one  of  the  most /npopular/nli/nbraries  in  this  field.</subfield>
   </datafield>
   <datafield tag="653" ind2=" " ind1=" ">
      <subfield code="a">Materials -- Fatiga</subfield>
   </datafield>
   <datafield tag="653" ind2=" " ind1=" ">
      <subfield code="a">Visió per ordinador</subfield>
   </datafield>
   <datafield ind2="0" ind1="0" tag="245">
      <subfield code="a">Detección automática de parpadeos en conductores mediante métodos de visión por computador</subfield>
   </datafield>
</record></metadata></record></GetRecord></OAI-PMH>